|
|
|
|
| LEADER |
01434nam a2200361 a 4500 |
| 001 |
4516 |
| 003 |
BD-DhAAL |
| 005 |
20151126002058.0 |
| 008 |
151007s2002 caua sb 001 0 eng d |
| 020 |
|
|
|z 8179921050
|
| 020 |
|
|
|z 0891061614 (hardcover)
|
| 040 |
|
|
|a CtWfDGI
|c CtWfDGI
|d NIC
|d BD-DhAAL
|
| 050 |
1 |
4 |
|a HD30.4
|b .E938 2002b
|
| 082 |
0 |
4 |
|a 658.4/07124
|2 21
|
| 245 |
0 |
0 |
|a Executive coaching :
|b practices & perspectives /
|c edited by Catherine Fitzgerald, Jennifer Garvey Berger.
|
| 256 |
|
|
|a Computer document.
|
| 260 |
|
|
|a Palo Alto, Calif. :
|a Mumbai :
|b Davies-Black Pub.,
|b Jaico Publishing House,
|c c2002
|c 2003.
|
| 300 |
|
|
|a xxiii, 368 p. :
|b ill. ;
|c 25 cm.
|
| 500 |
|
|
|a Title from title screen.
|
| 504 |
|
|
|a Includes bibliographical references and index.
|
| 506 |
|
|
|a Access restricted to authorized subscribers.
|
| 516 |
|
|
|a Text.
|
| 530 |
|
|
|a Available also in a print ed.
|
| 538 |
|
|
|a Mode of access: World Wide Web.
|
| 541 |
|
|
|e 4516
|
| 550 |
|
|
|a Digitized and made available by: Books 24x7.com.
|
| 650 |
|
0 |
|a Executives
|x Training of.
|9 15177
|
| 650 |
|
7 |
|a Executives
|x Training of
|2 fast
|9 15177
|
| 700 |
1 |
|
|a Fitzgerald, Catherine,
|d 1946-
|9 15178
|
| 700 |
1 |
|
|a Berger, Jennifer Garvey,
|d 1970-
|9 15179
|
| 942 |
|
|
|2 ddc
|c BK
|
| 999 |
|
|
|c 35698
|d 35698
|
| 952 |
|
|
|0 0
|1 0
|2 ddc
|4 0
|6 658_400000000000000_07124_EXE
|7 0
|9 56148
|a SCL
|b SCL
|c GEN
|d 2015-10-07
|g 975.00
|l 0
|o 658.407124 EXE
|p 3020004516
|r 2015-10-07
|t 1
|w 2015-10-07
|y BK
|